| 000 | 00911nam a2200301Ia 4500 | ||
|---|---|---|---|
| 003 | OSt | ||
| 005 | 20221007122230.0 | ||
| 006 | a|||||r|||| 00| 0 | ||
| 007 | ta | ||
| 008 | 221006b |||||||| |||| 00| 0 eng d | ||
| 020 | _a9783540383451 (hbd) | ||
| 024 | _a80238 | ||
| 037 |
_b2091, 27/12/2007, The Book Seller _cTextbook |
||
| 040 |
_aPAPL _cPAPL _beng |
||
| 041 |
_2eng _aeng |
||
| 082 | _aC51, P5;P7 Carpa | ||
| 100 |
_aKlingshirn Claus _9480691 |
||
| 245 | 0 | _aSemiconductor optics | |
| 250 | _a3 | ||
| 260 |
_aBerlin _bSpringer-Verlag _c2007 |
||
| 300 |
_axxvii, 809p. _ccm. |
||
| 500 | _aIncludes bibliographical references.; Index 795-809p. | ||
| 650 | _a Optics | ||
| 650 |
_a Semiconductor optics _9713770 |
||
| 650 | _aPhysics | ||
| 942 |
_hC51, P5;P7 Carpa _cTB _2CC |
||
| 999 |
_c1209994 _d1209994 |
||